Les rosters League of Legends de la Karmine Corp en LFL - Statistiques

Statistiques générales
  • Ce quiz a été pris 72 fois
  • Le résultat moyen est 46 sur 50
Statistiques - réponses
Joueurs % Correct
Adam
100%
Cabochard
100%
Cabochard
100%
Cabochard
100%
Cabochard
100%
Cabochard
100%
SAKEN
100%
SAKEN
100%
SAKEN
100%
SAKEN
100%
SAKEN
100%
SAKEN
100%
Targamas
100%
Targamas
100%
Targamas
100%
Caliste
98%
Caliste
98%
Caliste
98%
3XA
97%
3XA
97%
Maynter
97%
Maynter
97%
Maynter
97%
Maynter
97%
Cinkrof
95%
Cinkrof
95%
Cinkrof
95%
113
94%
113
94%
113
94%
xMatty
92%
xMatty
92%
Yukino
90%
Piero
87%
Piero
87%
SlowQ
87%
SlowQ
87%
Skeanz
86%
Vladi
86%
Rekkles
84%
Rekkles
84%
Boukada
81%
Lyncas
81%
Fleshy
79%
Fleshy
79%
Hantera
76%
Hantera
76%
Kaori
71%
whiteinn
71%
Abbedagge
68%
Aucun quiz correspondant
Distribution des résultats
% des personnes avec chaque résultat
Percentile par nombre de réponses
Votre historique - résultats
Vous n’avez pas pris ce quiz